[Event "Mecklenburg VP LL2 West 2223"]
[Site "Mecklenburg VP"]
[Date "2023.04.23"]
[Round "8.6"]
[White "Schwetlick, Thomas"]
[Black "Piske, Thomas"]
[Result "0-1"]
[WhiteElo "1949"]
[BlackElo "1944"]
[PlyCount "82"]
[EventDate "2022.10.23"]
[EventType "team-tourn"]
[EventRounds "9"]
[EventCountry "GER"]
[SourceTitle "EXT 2024"]
[Source "ChessBase"]
[SourceDate "2023.10.10"]
[SourceVersion "1"]
[SourceVersionDate "2023.10.10"]
[SourceQuality "1"]
[WhiteTeam "Rostock Uni"]
[BlackTeam "Grevesmuehlen Blau Weiss"]
[WhiteTeamCountry "GER"]
[BlackTeamCountry "GER"]

1. d4 Nf6 2. c4 g6 3. Nc3 Bg7 4. e4 d6 5. Nf3 0-0 6. Be2 Nc6 7. 0-0 e5 8. d5 Ne7 9. b4 Ne8 10. a4 f5 11. a5 Nf6 12. Bg5 fxe4 13. Nd2 Bf5 14. g4 Bd7 15. Ndxe4 Nxe4 16. Nxe4 h6 17. Be3 g5 18. Ra3 Ng6 19. c5 Be8 20. Qc2 Nf4 21. Bxf4 gxf4 22. Rh3 Bg6 23. g5 Qd7 24. Ra3 hxg5 25. c6 bxc6 26. dxc6 Qf5 27. Qc4+ Bf7 28. Qd3 d5 29. Nd2 e4 30. Qc2 g4 31. f3 gxf3 32. Bxf3 Qg5+ 33. Bg2 Bg6 34. Qa2 f3 35. Nxf3 exf3 36. Raxf3 Rxf3 37. Rxf3 Be4 38. Rg3 Qc1+ 39. Bf1 Rf8 40. Qe2 Qxc6 41. Qg4 Qf6 0-1

[Event "Mecklenburg VP LL2 West 2223"]
[Site "Mecklenburg VP"]
[Date "2023.03.19"]
[Round "7.4"]
[White "Birkholz, Karl Lukas"]
[Black "Schwetlick, Thomas"]
[Result "1/2-1/2"]
[WhiteElo "1601"]
[BlackElo "1949"]
[PlyCount "60"]
[EventDate "2022.10.23"]
[EventType "team-tourn"]
[EventRounds "9"]
[EventCountry "GER"]
[SourceTitle "EXT 2024"]
[Source "ChessBase"]
[SourceDate "2023.10.10"]
[SourceVersion "1"]
[SourceVersionDate "2023.10.10"]
[SourceQuality "1"]
[WhiteTeam "Rostock SSC 07 II"]
[BlackTeam "Rostock Uni"]
[WhiteTeamCountry "GER"]
[BlackTeamCountry "GER"]

1. e4 e5 2. Nf3 Nc6 3. Bb5 a6 4. Ba4 Nf6 5. d3 b5 6. Bb3 Be7 7. c3 0-0 8. 0-0 d6 9. Nbd2 Na5 10. Bc2 c5 11. a4 Bb7 12. axb5 axb5 13. Re1 Qc7 14. Nf1 Rfc8 15. Ng3 Bf8 16. Bg5 Ne8 17. Qe2 h6 18. Be3 g6 19. Qd2 Kh7 20. h4 Nf6 21. Nh2 Nc6 22. Qe2 Qd7 23. f4 exf4 24. Bxf4 Ne5 25. h5 Neg4 26. hxg6+ fxg6 27. Nxg4 Qxg4 28. Qxg4 Nxg4 29. Nf1 Be7 30. Ne3 Nxe3 1/2-1/2

[Event "GER-ch52 V06 email"]
[Site "GER email"]
[Date "2020.04.16"]
[Round "?"]
[White "Ensenbach, Marc"]
[Black "Schwetlick, Thomas"]
[Result "1/2-1/2"]
[WhiteElo "2201"]
[BlackElo "2470"]
[PlyCount "70"]
[EventDate "2020.??.??"]
[EventType "tourn (corr)"]
[EventRounds "10"]
[EventCountry "GER"]
[SourceTitle "Corr 2022"]
[Source "ChessBase"]
[SourceDate "2021.10.24"]
[SourceVersion "1"]
[SourceVersionDate "2021.10.24"]
[SourceQuality "1"]

1. e4 e5 2. Nf3 Nc6 3. Bb5 a6 4. Ba4 Nf6 5. 0-0 Nxe4 6. d4 b5 7. Bb3 d5 8. dxe5 Be6 9. Nbd2 Be7 10. c3 Nc5 11. Bc2 d4 12. cxd4 Nxd4 13. Nxd4 Qxd4 14. Nf3 Qxd1 15. Rxd1 0-0 16. Be3 Rad8 17. Nd4 Bd7 18. Rac1 g6 19. Kf1 Rfe8 20. a3 a5 21. f4 b4 22. axb4 axb4 23. Kf2 Bf8 24. h3 h5 25. Nf3 Ba4 26. Rxd8 Rxd8 27. Ng5 Bxc2 28. Rxc2 Nd3+ 29. Ke2 Bh6 30. h4 Bxg5 31. hxg5 b3 32. Rxc7 Nxb2 33. Rb7 Nc4 34. Rxb3 Nxe3 35. Rxe3 Ra8 1/2-1/2

[Event "GER-ch52 V06 email"]
[Site "GER email"]
[Date "2020.04.16"]
[Round "?"]
[White "Schwetlick, Thomas"]
[Black "Raessler, Arndt"]
[Result "1-0"]
[WhiteElo "2470"]
[BlackElo "2328"]
[PlyCount "55"]
[EventDate "2020.??.??"]
[EventType "tourn (corr)"]
[EventRounds "10"]
[EventCountry "GER"]
[SourceTitle "Corr 2022"]
[Source "ChessBase"]
[SourceDate "2021.10.24"]
[SourceVersion "1"]
[SourceVersionDate "2021.10.24"]
[SourceQuality "1"]

1. e4 e6 2. d3 d5 3. Nd2 c5 4. Ngf3 Nc6 5. g3 Nf6 6. Bg2 Be7 7. 0-0 0-0 8. Re1 Qc7 9. e5 Nd7 10. Qe2 b5 11. Nf1 Re8 12. Bf4 Bb7 13. h4 Bf8 14. c3 Rac8 15. N1h2 b4 16. Ng4 bxc3 17. bxc3 Qa5 18. Rab1 Ba6 19. c4 dxc4 20. Ng5 h6 21. Nxf7 Kxf7 22. Bxc6 Rxc6 23. Qf3 Qc7 24. Bxh6+ Kg8 25. Qe4 Re7 26. Bg5 Rf7 27. Qg6 Rf3 28. Re3 1-0

[Event "Mecklenburg VP Landesliga Ost 1920"]
[Site "Mecklenburg VP"]
[Date "2019.11.24"]
[Round "3.4"]
[White "Schmekel, Matthias"]
[Black "Schwetlick, Thomas"]
[Result "1/2-1/2"]
[WhiteElo "1938"]
[BlackElo "1949"]
[PlyCount "112"]
[EventDate "2019.09.29"]
[EventType "team-tourn"]
[EventRounds "9"]
[EventCountry "GER"]
[SourceTitle "EXT 2023"]
[Source "ChessBase"]
[SourceDate "2022.10.05"]
[SourceVersion "1"]
[SourceVersionDate "2022.10.05"]
[SourceQuality "1"]
[WhiteTeam "Torgelow II"]
[BlackTeam "Rostock HSG Uni"]
[WhiteTeamCountry "GER"]
[BlackTeamCountry "GER"]

1. e4 e5 2. Nf3 Nc6 3. d4 exd4 4. Nxd4 Nf6 5. Nc3 Bb4 6. Nxc6 bxc6 7. Bd3 d5 8. 0-0 Bxc3 9. bxc3 dxe4 10. Qe2 0-0 11. Bxe4 Re8 12. Bg5 Bf5 13. f3 h6 14. Bxf6 Qxf6 15. Qc4 Bxe4 16. fxe4 Qe6 17. Qxe6 Rxe6 18. Rfe1 Rae8 19. Rab1 Rxe4 20. Rxe4 Rxe4 21. Kf2 Ra4 22. Rb8+ Kh7 23. Rb2 Ra3 24. Ke3 Rxc3+ 25. Kd4 Ra3 26. c4 Kg6 27. Kc5 Ra6 28. Rc2 f5 29. Kb4 Kf6 30. c5 g5 31. a4 g4 32. Re2 f4 33. Re8 Kf5 34. Re7 f3 35. g3 h5 36. Re8 Kf6 37. Re4 Kf5 38. Rf4+ Ke5 39. a5 Kd5 40. h3 gxh3 41. Rxf3 h2 42. Rf5+ Ke4 43. Rxh5 Kf3 44. Rxh2 Kxg3 45. Rh7 Kf4 46. Rxc7 Ke4 47. Rd7 Ke5 48. Rd1 Ke4 49. Ra1 Kd4 50. Ra2 Kd5 51. Ra3 Kd4 52. Rh3 Kd5 53. Rd3+ Ke5 54. Rd7 Ke4 55. Rb7 Kd5 56. Rb8 Ke6 1/2-1/2

[Event "Mecklenburg VP Landesliga Ost 1920"]
[Site "Mecklenburg VP"]
[Date "2019.09.29"]
[Round "1.4"]
[White "Oergel, Ullrich"]
[Black "Schwetlick, Thomas"]
[Result "1/2-1/2"]
[WhiteElo "1954"]
[BlackElo "1949"]
[PlyCount "44"]
[EventDate "2019.09.29"]
[EventType "team-tourn"]
[EventRounds "9"]
[EventCountry "GER"]
[SourceTitle "EXT 2023"]
[Source "ChessBase"]
[SourceDate "2022.10.05"]
[SourceVersion "1"]
[SourceVersionDate "2022.10.05"]
[SourceQuality "1"]
[WhiteTeam "Ruegen Binz Therme"]
[BlackTeam "Rostock HSG Uni"]
[WhiteTeamCountry "GER"]
[BlackTeamCountry "GER"]

1. c4 Nf6 2. Nc3 g6 3. g3 d5 4. cxd5 Nxd5 5. Bg2 c6 6. Nf3 Bg7 7. 0-0 0-0 8. Qb3 Qb6 9. Qxb6 Nxb6 10. d3 Na6 11. a3 Nc7 12. Rb1 Nbd5 13. Bd2 e5 14. e4 Nxc3 15. Bxc3 f6 16. d4 exd4 17. Nxd4 Ne6 18. Nxe6 Bxe6 19. Rfe1 Rad8 20. Rbd1 Bb3 21. Rxd8 Rxd8 22. f4 Kf7 1/2-1/2

[Event "GER AM05-A email"]
[Site "GER email"]
[Date "2019.06.19"]
[Round "?"]
[White "Johnson, Bobby"]
[Black "Schwetlick, Thomas"]
[Result "1/2-1/2"]
[WhiteElo "2528"]
[BlackElo "2491"]
[PlyCount "76"]
[EventDate "2019.??.??"]
[EventType "tourn (corr)"]
[EventRounds "14"]
[EventCountry "GER"]
[SourceTitle "Corr 2022"]
[Source "ChessBase"]
[SourceDate "2021.10.24"]
[SourceVersion "1"]
[SourceVersionDate "2021.10.24"]
[SourceQuality "1"]

1. e4 e5 2. Nf3 Nc6 3. Bb5 a6 4. Ba4 Nf6 5. 0-0 Nxe4 6. d4 b5 7. Bb3 d5 8. dxe5 Be6 9. Nbd2 Nc5 10. c3 Be7 11. Bc2 d4 12. Nb3 d3 13. Bb1 Nxb3 14. axb3 Bf5 15. Re1 0-0 16. Be3 Qd5 17. b4 Rfd8 18. Ba2 Qd7 19. Bf4 Be6 20. Bb1 Bf5 21. h4 a5 22. bxa5 Rxa5 23. Rxa5 Nxa5 24. Nd4 c5 25. e6 fxe6 26. Nxf5 exf5 27. Qxd3 Qxd3 28. Bxd3 Rxd3 29. Rxe7 Nc4 30. b3 Nb6 31. Rb7 Nd5 32. Be5 Nf6 33. Kf1 Nd7 34. Bf4 Nf6 35. Rxb5 Nd5 36. Rb8+ Kf7 37. Be5 Nxc3 38. Rb7+ Ke6 1/2-1/2

[Event "GER AM05-A email"]
[Site "GER email"]
[Date "2019.06.19"]
[Round "?"]
[White "Miras Garcia, Eduardo"]
[Black "Schwetlick, Thomas"]
[Result "1/2-1/2"]
[WhiteElo "2511"]
[BlackElo "2491"]
[PlyCount "97"]
[EventDate "2019.??.??"]
[EventType "tourn (corr)"]
[EventRounds "14"]
[EventCountry "GER"]
[SourceTitle "Corr 2022"]
[Source "ChessBase"]
[SourceDate "2021.10.24"]
[SourceVersion "1"]
[SourceVersionDate "2021.10.24"]
[SourceQuality "1"]

1. e4 e5 2. Nf3 Nc6 3. Bb5 a6 4. Ba4 Nf6 5. 0-0 Nxe4 6. d4 b5 7. Bb3 d5 8. dxe5 Be6 9. Nbd2 Be7 10. c3 Nc5 11. Bc2 d4 12. Nb3 d3 13. Bb1 Nxb3 14. axb3 Bf5 15. Be3 0-0 16. Re1 Qd5 17. Bd4 d2 18. Re2 Bxb1 19. Rxb1 Nxd4 20. Nxd4 Bg5 21. g3 c5 22. Nf5 Qd3 23. Nd6 Qg6 24. h4 Bxh4 25. Rxd2 Be7 26. Ra1 f6 27. Qf3 fxe5 28. Qd5+ Kh8 29. Qxe5 Bg5 30. Rdd1 Bf4 31. Qe4 Bxd6 32. Qxg6 hxg6 33. Rxd6 b4 34. Raxa6 Rxa6 35. Rxa6 Rf3 36. Rxg6 bxc3 37. bxc3 Rxc3 38. Rb6 c4 39. bxc4 Rxc4 40. Kg2 Rc7 41. f4 Kg8 42. Kf3 Ra7 43. Kg4 Kf7 44. Kg5 Rc7 45. g4 Rc5+ 46. f5 Rc7 47. Kh5 Rc5 48. Rb7+ Kg8 49. Rb6 1/2-1/2

[Event "GER AM05-A email"]
[Site "GER email"]
[Date "2019.06.19"]
[Round "?"]
[White "Schwetlick, Thomas"]
[Black "Panitevsky, Ivan Anatolevich"]
[Result "1/2-1/2"]
[WhiteElo "2491"]
[BlackElo "2523"]
[PlyCount "45"]
[EventDate "2019.??.??"]
[EventType "tourn (corr)"]
[EventRounds "14"]
[EventCountry "GER"]
[SourceTitle "Corr 2022"]
[Source "ChessBase"]
[SourceDate "2021.10.24"]
[SourceVersion "1"]
[SourceVersionDate "2021.10.24"]
[SourceQuality "1"]

1. d4 Nf6 2. c4 e6 3. Nf3 d5 4. g3 Be7 5. Bg2 0-0 6. 0-0 dxc4 7. Qc2 a6 8. a4 Bd7 9. Qxc4 Bc6 10. Bf4 Bd6 11. Qc1 a5 12. Nc3 Na6 13. Rd1 Nb4 14. Ne1 Bxg2 15. Kxg2 h6 16. e4 Bxf4 17. Qxf4 Qe7 18. Rd2 Rad8 19. Rad1 Rxd4 20. Rxd4 e5 21. Qf5 exd4 22. Rxd4 Nc6 23. Rd2 1/2-1/2

[Event "Mecklenburg VP LL2 West 1819"]
[Site "Mecklenburg VP"]
[Date "2019.04.07"]
[Round "9.5"]
[White "Knoop, Sascha"]
[Black "Schwetlick, Thomas"]
[Result "1-0"]
[WhiteElo "1782"]
[BlackElo "1949"]
[PlyCount "77"]
[EventDate "2018.10.21"]
[EventType "team-tourn"]
[EventRounds "9"]
[EventCountry "GER"]
[SourceTitle "EXT 2022"]
[Source "ChessBase"]
[SourceDate "2021.10.06"]
[SourceVersion "1"]
[SourceVersionDate "2021.10.06"]
[SourceQuality "1"]
[WhiteTeam "Mecklenburger Springer SC"]
[BlackTeam "Rostock HSG Uni"]
[WhiteTeamCountry "GER"]
[BlackTeamCountry "GER"]

1. d4 Nf6 2. Nf3 g6 3. c4 Bg7 4. Nc3 0-0 5. g3 d5 6. Qb3 c6 7. Bg2 dxc4 8. Qxc4 Na6 9. 0-0 Be6 10. Qa4 Nd5 11. a3 f6 12. e4 Nb6 13. Qc2 Bf7 14. Rd1 Qe8 15. Bf1 Nc7 16. Be3 Rc8 17. b3 Nd7 18. Bh3 Be6 19. Bxe6+ Nxe6 20. Qe2 f5 21. exf5 gxf5 22. Bh6 Qg6 23. Bxg7 Kxg7 24. Re1 Nf4 25. Qxe7+ Rf7 26. Qh4 Ne6 27. d5 cxd5 28. Nxd5 Rc5 29. Nf4 Nxf4 30. Qxf4 Nf6 31. Ne5 Rxe5 32. Rxe5 Ng4 33. Re8 Qc6 34. Qg5+ Qg6 35. Qxg6+ hxg6 36. Rae1 f4 37. R8e7 fxg3 38. Rxf7+ Kxf7 39. hxg3 1-0